Catalog

Record Details

Catalog Search



Available copies

  • 1 of 1 copy available at LARL/NWRL Consortium.

Current holds

0 current holds with 1 total copy.

Show Only Available Copies
Location Call Number / Copy Notes Barcode Shelving Location Status Due Date
Thief River Falls Public Library CAB (Text) 35500004017727 Main Available -

Record details

  • ISBN: 0060525118 (acid-free paper)
  • Physical Description: 345, [10] p. ; 21 cm.
  • Edition: 1st ed.
  • Publisher: New York : Avon Books, c2006.
Subject: Adult Mystery
Women detectives > New York (State) > New York > Fiction.
Counseling in higher education > Fiction.
New York (N.Y.) > Fiction.
Genre: Mystery fiction.
College stories.
LDR 01156cam a22003618a 4500
00165492
003LARL_NWRL_CONSORTIUM
00520060119091418.0
008050608s2006 nyu 000 1 eng
020 . ‡a0060525118 (acid-free paper)
0243 . ‡a9780060525118
035 . ‡a(OCoLC)60651007
043 . ‡an-us-ny
08200. ‡a813/.6 ‡222
1001 . ‡aCabot, Meg. ‡0(LARL_NWRL_CONSORTIUM)130290
24510. ‡aSize 12 is not fat ‡n#1 / ‡cby Meg Cabot.
2463 . ‡aSize twelve is not fat
250 . ‡a1st ed.
260 . ‡aNew York : ‡bAvon Books, ‡cc2006.
300 . ‡a345, [10] p. ; ‡c21 cm.
4900 . ‡aHeather Wells ; ‡v1
650 . ‡aAdult Mystery
650 0. ‡aWomen detectives ‡zNew York (State) ‡zNew York ‡vFiction. ‡0(LARL_NWRL_CONSORTIUM)167874
650 0. ‡aCounseling in higher education ‡vFiction.
651 0. ‡aNew York (N.Y.) ‡vFiction. ‡0(LARL_NWRL_CONSORTIUM)166410
655 7. ‡aMystery fiction. ‡2gsafd
655 0. ‡aCollege stories.
901 . ‡a65492 ‡bOCLC ‡c65492 ‡tbiblio

Additional Resources